• 首页
  • 本馆介绍
  • 公告通知
  • 最新文献
  • 馆藏检索
  • 电子资源
  • 读者导购
  • 参考咨询
  • 我的图书馆
  • 登录
  • 详细信息显示
  • 放入我的书架
  • 预约/预借图书
  • 作者相关作品
  • 分类相关作品
  • 丛书相关作品
  • 出版社相关作品

书目信息

  • 表格格式
  • 工作单格式
  • 卡片格式
题名:
中国古代家具
    
 
作者: 王俊 编著
分册:  
出版信息: 北京   中国商业出版社  2015
页数: 182页
开本: 23cm
丛书名: 中国传统民俗文化丛书
单 册:
中图分类: TS666.202
科图分类:
主题词: 家具--jia ju--介绍--中国--古代
电子资源:
ISBN: 978-7-5044-8520-5
000 00946nam0 22002531 450
001 0122100837
005 20170322105553.59
010    @a978-7-5044-8520-5@dCNY25.00
100    @a20160121d2015 em y0chiy50 ea
101 0  @achi
102    @aCN@b110000
105    @aa z 000yy
106    @ar
200 1  @a中国古代家具@9zhong guo gu dai jia ju@f王俊编著
210    @a北京@c中国商业出版社@d2015
215    @a182页@c图@d23cm
225 2  @a中国传统民俗文化丛书@9zhong guo chuan tong min su wen hua cong shu@i收藏系列@f傅璇琮主编
330    @a本书以古代家具艺术风格为线索,将家具置身于它们产生的文化背景进行剖析,比较系统地介绍了中国各个历史时期家具艺术的发展以及艺术特点、民族风格和艺术价值。。
461  0 @12001 @a中国传统民俗文化丛书@i收藏系列@f傅璇琮主编
606 0  @a家具@9jia ju@x介绍@y中国@z古代
690    @aTS666.202@v5
701  0 @a王俊@9wang juan@4编著
801  0 @aCN@bTANGWEI@c20170308
905    @b0960166-9@dTS666.202@e53@f4
    
    中国古代家具/王俊编著.-北京:中国商业出版社,2015
    182页:图;23cm.-(中国传统民俗文化丛书.收藏系列/傅璇琮主编)
    
    
    ISBN 978-7-5044-8520-5:CNY25.00
    本书以古代家具艺术风格为线索,将家具置身于它们产生的文化背景进行剖析,比较系统地介绍了中国各个历史时期家具艺术的发展以及艺术特点、民族风格和艺术价值。。
●
相关链接 在E读中查询图书 在五车中查询图书 在当当中查询图书 在豆瓣中查询图书


正题名:中国古代家具     索取号:TS666.202/53         预约/预借

序号 登录号 条形码 馆藏地/架位号 状态 备注
1 0960166   209601661   第二样本阅览室/ [索取号:TS666.202/53] 在馆    
2 0960167   209601670   第三借阅区/ [索取号:TS666.202/53] 在馆    
3 0960168   209601689   第三借阅区/ [索取号:TS666.202/53] 在馆    
4 0960169   209601698   第三借阅区/ [索取号:TS666.202/53] 在馆    
唐山师范学院图书馆 欢迎您!
大连网信软件有限公司© 版权所有